Otra aventura de los cinco / (Registro nro. 8390)

Detalles MARC
000 -LIDER
fixed length control field 00778nam a22002417a 4500
003 - IDENTIFICACDOR DE NÚMERO DE CONTROL
control field DO-SdBNP
005 - DATE AND TIME OF LATEST TRANSACTION
control field 20180131153405.0
008 - ELEMENTOS DE LONGITUD FIJA
fixed length control field 151015b sp 2007 |||| 00| 0 spa d
020 ## - ISBN
International Standard Book Number 9788447318827
040 ## - FUENTE DE CATALOGACIÓN
Agencia que crea de manera original el registro BPMSU
Idioma de catalogación spa
Agencia que realiza la transcripción BPMSU
100 1# - ASIENTO PRINCIPAL -- NOMBRE PERSONAL
Nombre personal Blyton, Enid,
Fechas asociadas con el nombre 1897-1968
240 1# - TITULO UNIFORME
Título uniforme Five go adventuring again /
245 ## - MENCIÓN DE TITULO
Título Otra aventura de los cinco /
Mención de responsabilidad Enid Blyton ; traducción Juan Ríos de la Rosa
260 ## - PUBLICACIÓN, DISTRIBUCIÓN, ETC. (PIE DE IMPRENTA)
Lugar de publicación, distribución, etc Barcelona, España :
Nombre del editor, distribuidor, etc. Juventud,
Fecha de publicación, distribución, etc 2007.
300 ## - DESCRIPCIÓN FÍSICA
Extensión 160 p. :
Otros detalles físicos il.,
Dimensiones 19 cm.
490 ## - MENCIÓN DE SERIES
Mención de serie Enyd Blyton
Volume/sequential designation 23
700 1# - ASIENTO SECUNDARIO -- NOMBRE PERSONAL
Nombre personal Ríos Rosa, Juan de la,
Mención de responsabilidad tr.
830 #0 - ASIENTO SECUNDARIO DE SERIE--TÍTULO UNIFORME
Field link and sequence number Enid Blyton
Número de la parte o sección de una obra 23
942 ## - ADDED ENTRY ELEMENTS (KOHA)
Source of classification or shelving scheme Dewey Decimal Classification
Koha item type Libros
945 ## - INFORMACIÓN DE PROCESAMIENTO LOCAL
Información de procesamiento local Inventariado, 2018 / BT
956 ## - LOCAL ELECTRONIC LOCATION AND ACCESS (OCLC)
Nombre de host BTAVAREZ
Número de acceso 10
Trayectoria 20183101
Nombre Electrónico BPMSU
Procesador de solicitud 0038
956 ## - LOCAL ELECTRONIC LOCATION AND ACCESS (OCLC)
Nombre de host Yngrid Lockward
Método de acceso YLOCKWARD
Materiales especificados 10
Campo enlazado y núm. de secuencia BPMSU
Información de compresión 20161019
Existencias
Withdrawn status Lost status Source of classification or shelving scheme Damaged status Not for loan Collection code Home library Current library Date acquired Source of acquisition Total Checkouts Barcode Date last seen Price effective from Koha item type
    Dewey Decimal Classification     Colección Juvenil General Biblioteca Pública Metropolitana Salomé Ureña Biblioteca Pública Metropolitana Salomé Ureña 10/15/2015 FUNDI   BPMSU15100118 10/15/2015 10/15/2015 Libros